000 00794nam a2200265 i 4500
003 DO-SdBNP
005 20230502112320.0
007 ta
008 210428b20-- dr a|||| |||| 00| 0 spa d
040 4 _aDO-SdBNP
_bspa
_cBNPHU
082 4 _222
100 1 _aAnaya Pajuelo, Fidel.
_978507
245 1 0 _aAtlas ORL en pediatría /
_cFidel Anaya Pajuelo
264 _as.l. :
_bRoemmers,
_cs.f.
300 _a12 página :
_bilustraciones,
_c28 cm.
336 _2rdacontent
_atexto
_btxt
337 _2rdamedia
_asin mediación
_bn
338 _2rdacarrier
_avolumen
_bnc
590 _aInventariado, 2021 / SA
650 4 _aOtorrinolaringólogía
_xAtlas
_978508
650 4 _aRegión oral
_978512
650 4 _aPediatría
_xAtlas
_978513
700 1 _aPablo O. Grimberg U
_979144
942 _2ddc
_cLF2
999 _c49788
_d49788